000 00635nam a2200205 4500
001 VA39093
003 ES-SlBCS
005 20210601154910.0
008 140520s1986 xxu||||| |||| 00| 0 spa d
041 _aspa
100 1 _aGarcía de Haro, Ramón
_913051
245 1 0 _aLa sabiduría moral cristiana. La renovación de la moral, a veinte años del Concilio
_cRamón García De Haro; Ignacio de Celaya,
250 _a2ª ed.
260 _aPamplona :
_bEunsa
_c, 1986
300 _a248 p.;
_c24 cm
490 0 _aTeológica
_v46
650 _aMoral-Renovación Conciliar
_9375065
700 1 0 _aCelaya, Ignacio de
_928663
942 _cBK
999 _c810780
_d810780